| 000 | 00617nam a2200229 a 4500 | ||
|---|---|---|---|
| 001 | 32237 | ||
| 003 | AR-BaAGN | ||
| 005 | 20231116150743.0 | ||
| 007 | ta | ||
| 008 | 220625s2006 xx |||||r|||| ||||||spa d | ||
| 020 | _a987-95492-9-5 | ||
| 040 |
_dAR-BaAGN _aAR-BaAGN _bspa _eaacr |
||
| 100 | 1 | _aEstol, Jorge César | |
| 245 | 1 | 0 | _aPinoteca virtual Sanmartiniana |
| 260 |
_a[Lugar de publicación no identificado] : _bInstituto Nacional Sanmartiniano, _c2006. |
||
| 300 | _a225 páginas | ||
| 336 |
_2rdacontent _btxt |
||
| 337 |
_2rdamedia _bn |
||
| 338 |
_2rdacarrier _bnc |
||
| 942 | _cLIBRO | ||
| 999 |
_c32237 _d32237 |
||